Australia rugby union matches (2020 - …). - Statistics

General Stats
  • This quiz has been taken 40 times
    20 since last reset
  • The average score is 11 of 12
Answer Stats
Matches % Correct
7 Argentina
100%
4 England
100%
11 New Zealand
100%
2 Scotland
100%
5 South Africa
100%
1 Fiji
94%
5 France
94%
1 Ireland
94%
2 Wales
94%
1 Georgia
78%
1 Italy
78%
1 Japan
78%
No matching quizzes found
Score Distribution
Percent of People with Each Score
Percentile by Number Answered
Your Score History
You have not taken this quiz since the last reset